Biblioteca "Ernesto Sabato"
Facultad de Derecho y Ciencias Sociales
Facultad de Lenguas
Universidad Nacional del Comahue

Yong speakers' evaluations of their listeners' comprehension in a referential communication task (Record no. 10855)

MARC details
000 -CABECERA
campo de control de longitud fija 00646caa a22001812a 4500
001 - NÚMERO DE CONTROL
campo de control 005033
003 - IDENTIFICADOR DEL NÚMERO DE CONTROL
campo de control AR-FADEU
008 - DATOS DE LONGITUD FIJA--INFORMACIÓN GENERAL
campo de control de longitud fija 311216n########xxu####################dd
092 ## - ASIGNACIÓN LOCAL DE SIGNATURA TOPOGRÁFICA DEWEY (OCLC)
Número de clasificación 401.931
Número de documento/Ítem C536
100 ## - ENTRADA PRINCIPAL--NOMBRE DE PERSONA
Nombre de persona Beal, Carole R.
245 ## - MENCIÓN DE TÍTULO
Título Yong speakers' evaluations of their listeners' comprehension in a referential communication task
300 ## - DESCRIPCIÓN FÍSICA
Extensión PP. 230-241
500 ## - NOTA GENERAL
Nota general En: Child language /ed. Margery B. Franklin. New York : Oxford University, 1988
546 ## - NOTA DE LENGUA/LENGUAJE
Nota de lengua/lenguaje Inglés
700 ## - PUNTO DE ACCESO ADICIONAL--NOMBRE DE PERSONA
Nombre de persona John H., Flavell
773 0# - ENLACE AL DOCUMENTO FUENTE/ENTRADA DE REGISTRO ANFITRIÓN
Número bibliográfico anfitrión 10836
Número de ítem anfitrión 9777
Encabezamiento principal
Edición
Lugar, editor y fecha de publicación New York
Otro identificador del documento 02917
Título CHILD Language : a reader
Número de control del registro ( AR-FADEU) 005014
Número Internacional Normalizado para Publicaciones Seriadas
Número Internacional Estándar del Libro 0-19-504333-2
942 ## - ELEMENTOS DE PUNTO DE ACCESO ADICIONAL (KOHA)
Tipo de ítem Koha BDGR

No items available.

Facultad de Derecho y Ciencias Sociales | Universidad Nacional del Comahue | Mendoza y Perú General Roca | Río Negro CP (8332) | Patagonia Argentina | Teléfono: 54-0298-4433670 | | Fax: 0298-4432093 | Fax alumnos: 0298-4435700